[Event "Yerevan ol (Women)"]
[Site "Yerevan"]
[Date "1996.??.??"]
[Round "7"]
[White "Cosma, Elena Luminita"]
[Black "Tsifanskaya, Ludmila A"]
[Result "1/2-1/2"]
[WhiteElo "2270"]
[BlackElo "2230"]

1.e4 c5 2.Nf3 Nc6 3.Bb5 g6 4.Bxc6 dxc6 5.O-O Bg7 6.d3 e5 7.Be3 b6 8.a3 Qe7
9.h3 Nf6 10.Qd2 O-O 11.Qc3 Nh5 12.b4 Nf4 13.Bxf4 exf4 14.e5 f6 15.Nbd2 fxe5
16.Rae1 Be6 17.Ne4 cxb4 18.axb4 Bd5 19.Ra1 h6 20.Ra6 Rac8 21.Rfa1 Rc7 22.Qb2 Kh7
23.c4 Be6 24.Qa3 Rf7 25.Rc1 Bc8 26.Ra4 b5 27.Ra5 bxc4 28.Rxc4 Be6 29.Rc1 Bd5
30.Qa4 Bf8 31.b5 cxb5 32.Rxc7 Qxc7 33.Qxb5 Bc6 34.Qxe5 Bg7 35.Qc5 Bxe4 36.dxe4 Bf8
37.Qxc7 Rxc7 38.Kf1 Rc1+ 39.Ke2 Bc5 40.g3 Bb6 41.Rd5 fxg3 42.fxg3 Rc2+ 43.Rd2 Rc3  1/2-1/2

[Event "Yerevan ol (Men)"]
[Site "Yerevan"]
[Date "1996.??.??"]
[Round "7"]
[White "Antonio, Rogelio Jr"]
[Black "Mohr, Georg"]
[Result "1/2-1/2"]
[WhiteElo "2530"]
[BlackElo "2510"]

1.e4 c5 2.Nf3 Nc6 3.Bb5 g6 4.O-O Bg7 5.c3 Nf6 6.e5 Nd5 7.d4 cxd4 8.cxd4 O-O
9.Nc3 Nxc3 10.bxc3 d6 11.exd6 Qxd6 12.a4 Rd8 13.Re1 Qc7 14.Bg5 Be6 15.Bh4 a6
16.Bd3 Na5 17.Rc1 Rac8 18.Bg3 Qd7 19.Ne5 Qe8 20.Qf3 Bd5  1/2-1/2

[Event "Yerevan ol (Men)"]
[Site "Yerevan"]
[Date "1996.??.??"]
[Round "8"]
[White "Maki, Veijo"]
[Black "Reefat bin Satter"]
[Result "0-1"]
[WhiteElo "2410"]
[BlackElo "2465"]

1.e4 c5 2.Nf3 Nc6 3.Bb5 e6 4.O-O Nge7 5.Nc3 Nd4 6.Nxd4 cxd4 7.Ne2 a6 8.Ba4 b5
9.Bb3 Nc6 10.d3 Bc5 11.f4 Bb7 12.f5 Qe7 13.Qe1 O-O-O 14.Qg3 Rdg8 15.Bg5 f6
16.Bd2 g5 17.Kh1 h5 18.fxe6 dxe6 19.c3 h4 20.Qg4 f5 21.Bxe6+ Qxe6 22.Qxf5 Qxf5
23.Rxf5 Bb6 24.Bxg5 Rh5  0-1

[Event "Yerevan ol (Men)"]
[Site "Yerevan"]
[Date "1996.??.??"]
[Round "9"]
[White "Mora Manez, Julio"]
[Black "Taleb, Moussa"]
[Result "0-1"]
[WhiteElo "2120"]
[BlackElo "2260"]

1.e4 c5 2.Nf3 Nc6 3.Bb5 g6 4.O-O Bg7 5.c3 Nf6 6.Re1 O-O 7.e5 Nd5 8.d4 cxd4
9.Bxc6 dxc6 10.Qxd4 Qc7 11.Qh4 f6 12.Na3 fxe5 13.Bh6 Rf5 14.Bxg7 Kxg7 15.Nc4 Rf4
16.Qg5 Rxc4 17.Nxe5 Rf4 18.c4 Rf5 19.Qg3 Nf4 20.Qc3 Rf6 21.Re4 Kg8 22.Rae1 Be6
23.Nf3 Raf8 24.Ng5 Qd6 25.Qg3 Qd2 26.Qe3 Qxe3 27.R1xe3 Bf7 28.Rxe7 h6 29.Ne4 Re6
30.Rxb7 Rd8 31.g3 Rd1+  0-1

[Event "Yerevan ol (Men)"]
[Site "Yerevan"]
[Date "1996.??.??"]
[Round "9"]
[White "Yasseen, Aly"]
[Black "Jelen, Igor"]
[Result "1/2-1/2"]
[WhiteElo "2350"]
[BlackElo "2415"]

1.e4 c5 2.Nf3 Nc6 3.Bb5 g6 4.O-O Bg7 5.Qe2 e5 6.Qc4 b6 7.Bxc6 dxc6 8.Qc3 Qc7
9.a3 a5 10.d3 Ne7 11.Be3 O-O 12.Nbd2 h6 13.b4 cxb4 14.axb4 axb4 15.Qxb4 c5
16.Qb2 Be6 17.Rxa8 Rxa8 18.Rb1 Rb8 19.c3 f5 20.Qb5 Nc6 21.Nc4 f4 22.Bc1 Bf6
23.Nxb6 Na7 24.Qa6 Nc8 25.Nd5 Rxb1 26.Qxe6+ Qf7 27.Qxc8+ Kg7 28.h4 Rxc1+
29.Kh2 g5 30.Qf5 Qg6 31.Qd7+ Kh8 32.Qe6 g4 33.Qc8+ Kg7 34.Qd7+ Kh8 35.Qc8+ Kg7  1/2-1/2

[Event "Yerevan ol (Men)"]
[Site "Yerevan"]
[Date "1996.??.??"]
[Round "9"]
[White "Spasov, Vasil"]
[Black "Svidler, Peter"]
[Result "0-1"]
[WhiteElo "2575"]
[BlackElo "2650"]

1.e4 c5 2.Nf3 Nc6 3.Bb5 g6 4.Bxc6 bxc6 5.O-O Bg7 6.Re1 Nh6 7.c3 O-O 8.d4 cxd4
9.cxd4 d6 10.h3 f6 11.Nc3 Nf7 12.Be3 Bd7 13.Qd2 Qc7 14.Rac1 Qb7 15.b3 Rad8
16.Qc2 f5 17.e5 c5 18.exd6 exd6 19.Rcd1 Bc6 20.d5 Bd7 21.Ne2 Rde8 22.Nf4 Re4
23.Nd2 Re7 24.Nc4 Rfe8 25.Bd2 Rxe1+ 26.Bxe1 Re4 27.g3 Qa6 28.Bc3 Rxc4 29.bxc4 Ba4
30.Rb1 Bxc2 31.Rb8+ Nd8 32.Rxd8+ Kf7 33.Rd7+ Ke8 34.Rxg7 Qxc4 35.Bf6 Qe4
36.h4 Bd1 37.Kh2 Qe1 38.h5 g5 39.Nd3 Qf1 40.Re7+ Kf8  0-1

[Event "Yerevan ol (Men)"]
[Site "Yerevan"]
[Date "1996.??.??"]
[Round "9"]
[White "Lovlu, Saifuddi"]
[Black "Sutovskij, Emil"]
[Result "0-1"]
[WhiteElo "2230"]
[BlackElo "2565"]

1.e4 c5 2.Nf3 Nc6 3.Bb5 g6 4.O-O Bg7 5.c3 Nf6 6.Re1 O-O 7.d4 d5 8.exd5 Qxd5
9.c4 Qd6 10.d5 Nd4 11.Nxd4 cxd4 12.Qe2 e6 13.dxe6 Bxe6 14.Nd2 a6 15.Ba4 d3
16.Qf1 Ng4 17.g3 Bd4 18.Ne4 Qb4 19.Bb3 Nxf2 20.Nxf2 Bh3 21.a3 Qb6 22.c5 Bxc5  0-1

[Event "Yerevan ol (Men)"]
[Site "Yerevan"]
[Date "1996.??.??"]
[Round "10"]
[White "Aryanejad, Hossein"]
[Black "Stanec, Nikolaus"]
[Result "0-1"]
[WhiteElo "2340"]
[BlackElo "2505"]

1.e4 c5 2.Nf3 Nc6 3.Bb5 e6 4.Bxc6 dxc6 5.e5 Ne7 6.O-O Ng6 7.Nc3 Be7 8.Re1 O-O
9.d4 cxd4 10.Qxd4 Qxd4 11.Nxd4 Rd8 12.Nf3 h6 13.Be3 b6 14.Ne2 Bb7 15.Nf4 Nf8
16.h4 c5 17.h5 Nd7 18.Bc1 Rac8 19.c4 Nb8 20.b3 Nc6 21.Bb2 Nb4 22.Re2 Rc7
23.Ne1 Rcd7 24.Bc3 Bg5 25.Nh3 Bh4 26.g3 Be7 27.f4 Nd3 28.Nf2 Nxe1 29.Rexe1 Bf3
30.Re3 Bxh5 31.Kg2 Bg6 32.Rh1 a6 33.g4 b5 34.Rf3 b4 35.Be1 f5 36.exf6 Bxf6
37.f5 exf5 38.gxf5 Be8 39.Ne4 Rf7 40.Bf2 Bc6 41.Re1 Bd4 42.Kg3 Re7 43.Bxd4 Rxd4
44.Nf6+ Kf7 45.Rxe7+ Kxe7 46.Re3+ Kxf6 47.Re6+ Kxf5 48.Rxc6 Rd3+ 49.Kf2 Ke4
50.Rxa6 Rd2+ 51.Ke1 Rg2 52.Kf1 Rg5 53.Rd6 h5 54.Re6+ Kf4 55.Re8 Rf5 56.Kf2 g5
57.a4 bxa3 58.Ra8 g4 59.Rxa3 Kg5+  0-1

[Event "Yerevan ol (Men)"]
[Site "Yerevan"]
[Date "1996.??.??"]
[Round "10"]
[White "Ricardi, Pablo"]
[Black "Kotronias, Vasilios"]
[Result "1-0"]
[WhiteElo "2535"]
[BlackElo "2615"]

1.e4 c5 2.Nf3 Nc6 3.Bb5 g6 4.O-O Bg7 5.c3 Nf6 6.Re1 O-O 7.d4 d5 8.exd5 Qxd5
9.c4 Qd6 10.dxc5 Qxd1 11.Rxd1 Ne4 12.Nbd2 Rd8 13.Re1 Nxc5 14.Bxc6 bxc6 15.Nb3 Nd3
16.Rxe7 Nxc1 17.Rxc1 Bxb2 18.Rb1 Bf6 19.Rc7 Bf5 20.Re1 Rdc8 21.Rxc8+ Rxc8
22.h3 Bd3 23.Na5 c5 24.Ne5 Bc2 25.Nb3 h5 26.f4 Kg7 27.Kf2 g5 28.fxg5 Bxg5
29.Nd7 Bd3 30.Re5 f6 31.Re7+ Kh6 32.Ndxc5 Bxc4 33.Ne4 Bd5 34.Nd4 Bxe4 35.Rxe4 h4
36.Ne2 Rc5 37.Rd4 Re5 38.Ng1 a5 39.Nf3 Rf5 40.Ke2 Kh5 41.Rxh4+ Kg6 42.Ra4 Rb5
43.Nxg5 Kxg5 44.Kf3 Rf5+ 45.Kg3 Rc5 46.h4+ Kh5 47.Kh3 Rd5 48.g3 Kg6 49.Kg4 Rf5
50.Rf4 Rc5 51.h5+ Kg7 52.Kh4 Rd5 53.g4 Rd2 54.Ra4 Rd5 55.Rc4 Rd2 56.a3 Rd3
57.Rc7+ Kh6 58.Rf7 Rf3 59.a4 Rf1 60.Ra7 Rh1+ 61.Kg3 Rg1+ 62.Kh3 f5 63.gxf5 Ra1
64.Rxa5 Kxh5 65.f6+ Kg6 66.Ra6 Rg1 67.Kh4 Rg2 68.a5 Rg1 69.Rb6 Rg2 70.a6 Rg1
71.Kh3 Rg5 72.Kh4 Rg1 73.Rb8 Ra1 74.Ra8 Kxf6 75.Kg4 Kg7 76.Kf5 Kf7 77.Ke5 Kg7
78.Kd5 Rf1 79.Rb8 Ra1 80.Rb7+ Kf6 81.a7  1-0

[Event "Yerevan ol (Men)"]
[Site "Yerevan"]
[Date "1996.??.??"]
[Round "12"]
[White "Kengis, Edvins"]
[Black "Spangenberg, Hugo"]
[Result "1-0"]
[WhiteElo "2560"]
[BlackElo "2555"]

1.e4 c5 2.Nf3 Nc6 3.Bb5 g6 4.Bxc6 dxc6 5.d3 Bg7 6.h3 Nf6 7.Nc3 O-O 8.Be3 Nd7
9.Qd2 Re8 10.Bh6 e5 11.Bxg7 Kxg7 12.Ne2 Nf8 13.O-O-O Qf6 14.Rdf1 Be6 15.Ne1 c4
16.f4 cxd3 17.Nxd3 exf4 18.Rxf4 Qe7 19.h4 Kg8 20.Qc3 f5 21.Ng3 Bf7 22.Rxf5 Bxa2
23.b3 Qa3+ 24.Kd2 Qd6 25.Rg5 Ne6 26.Nf5 Qf8 27.Rg4 Rad8 28.h5 g5 29.Kc1 Qa3+
30.Qb2 Qxb2+ 31.Kxb2 Bxb3 32.Kxb3 c5 33.Kb2 b5 34.Ra1 Rd7 35.Ra6 Kf8 36.Rxe6 Rxe6
37.Nxc5  1-0

[Event "Yerevan ol (Women)"]
[Site "Yerevan"]
[Date "1996.??.??"]
[Round "12"]
[White "Reprun, Nadejda"]
[Black "Nicoara Etchegaray, Malina"]
[Result "0-1"]
[WhiteElo "2140"]
[BlackElo "2160"]

1.e4 c5 2.Nf3 Nc6 3.Bb5 d6 4.O-O Bd7 5.Re1 Nf6 6.c3 a6 7.Bf1 Bg4 8.h3 Bxf3
9.Qxf3 g6 10.Qd1 e5 11.d3 Bg7 12.Nd2 O-O 13.Nf3 d5 14.Bg5 d4 15.cxd4 cxd4
16.Qd2 Qd6 17.a3 Nd7 18.Bh6 Nc5 19.Bxg7 Kxg7 20.Qc2 Rfc8 21.b4 Nd7 22.Qb3 Ne7
23.Rac1 b5 24.Nd2 Nb6 25.g3 Na4 26.h4 Rc3 27.Rxc3 dxc3 28.Nf3 Qf6 29.Re3 Nc6
30.Bg2 Rd8 31.Qd1 Nd4 32.Nxd4 exd4 33.e5 Qe6 34.Re2 Nb2 35.Qc2 Qa2 36.Bc6 Qe6
37.Bg2 Nc4 38.a4 Nd2 39.axb5 axb5 40.f4 Rd7 41.Rxd2 cxd2 42.Qxd2 Ra7 43.Qb2 Qd7
44.Kh2 Rc7 45.Bh3 Qd5 46.Bg2 Qd8 47.Qa2 Rc3 48.Be4 Qd7 49.Qa6 Rc2+ 50.Bg2 Qd5
51.Qf6+ Kg8  0-1

[Event "Yerevan ol (Men)"]
[Site "Yerevan"]
[Date "1996.??.??"]
[Round "13"]
[White "Komliakov, Viktor"]
[Black "Banikas, Hristos"]
[Result "0-1"]
[WhiteElo "2450"]
[BlackElo "2445"]

1.e4 c5 2.Nf3 Nc6 3.Bb5 d6 4.Bxc6+ bxc6 5.O-O e5 6.c3 Nf6 7.d4 cxd4 8.cxd4 exd4
9.Nxd4 Bd7 10.Nc3 Be7 11.Bf4 O-O 12.Nde2 Be6 13.Qc2 Qa5 14.Rfd1 Rfd8 15.Nd4 Rac8
16.Nce2 Bg4 17.Rd2 Qb6 18.f3 c5 19.Nb3 Be6 20.Nc3 d5 21.exd5 c4+ 22.Nd4 Nxd5
23.Nxd5 Rxd5 24.Be3 Bb4 25.Rad1 Rcd8 26.Bf2 Bxd2 27.Qxd2 Qa5 28.Qxa5 Rxa5
29.Be1 Rxa2 30.Bc3 Ra6 31.Kf2 f6 32.g4 Kf7 33.Kg3 Rad6 34.h4 a6 35.h5 Bc8
36.Kf4 Rd5 37.Ke3 Re8+ 38.Kf2 f5 39.g5 f4 40.Rg1 Re3 41.g6+ Kg8 42.Ne2 Rdd3
43.gxh7+ Kh8 44.h6 Rxf3+ 45.Ke1 Kxh7 46.hxg7 Kg8 47.Rh1 Bh3 48.Bd2 Bg2 49.Rg1 Bf1
50.Bc3 Bxe2 51.Kxe2 Rh3 52.Rg4 f3+  0-1

[Event "Yerevan ol (Men)"]
[Site "Yerevan"]
[Date "1996.??.??"]
[Round "13"]
[White "Sepp, Olav"]
[Black "Podlesnik, Bogdan"]
[Result "0-1"]
[WhiteElo "2420"]
[BlackElo "2420"]

1.e4 c5 2.Nf3 Nc6 3.Bb5 e6 4.O-O Nge7 5.Nc3 a6 6.Bxc6 Nxc6 7.d4 cxd4 8.Nxd4 d6
9.Re1 Bd7 10.Nxc6 bxc6 11.Bf4 e5 12.Be3 Be7 13.Na4 Be6 14.c4 O-O 15.Qc2 f5
16.Bb6 Qb8 17.c5 d5 18.exd5 Bxd5 19.Ba5 Ra7 20.Nb6 Be6 21.Rad1 e4 22.Bd2 Qe8
23.Bf4 Qf7 24.b3 Bd5 25.Qc3 Rd8 26.Rd2 Qe6 27.Red1 Bf6 28.Qg3 Qf7 29.Be5 Bxe5
30.Qxe5 Re7 31.Qf4 Qe6 32.h4 h6 33.b4 Ree8 34.a4 Rb8 35.b5 axb5 36.axb5 e3
37.fxe3 Be4 38.Rd6 Qb3 39.bxc6 Qc2 40.Qg3 f4 41.exf4 Qxc5+ 42.Kh2 Rxb6 43.Rd7 Qf8
44.c7 Rg6 45.Qb3+ Kh7 46.g3 Bf5 47.R7d2 Rc6 48.Qb7 Qc5 49.Qb8 Rc8  0-1

[Event "Yerevan ol (Men)"]
[Site "Yerevan"]
[Date "1996.??.??"]
[Round "13"]
[White "Odeev, Handszar"]
[Black "Pacheco Asmat, Jorge"]
[Result "1/2-1/2"]
[WhiteElo "2410"]
[BlackElo "2385"]

1.e4 c5 2.Nf3 Nc6 3.Bb5 g6 4.O-O Bg7 5.c3 Nf6 6.Qa4 O-O 7.d4 cxd4 8.cxd4 a6
9.Re1 Rb8 10.Bxc6 bxc6 11.Nc3 Qc7 12.e5 Nd5 13.Nxd5 cxd5 14.Bg5 Qd8 15.Qa3 Re8
16.Rac1 Bb7 17.Bd2 Bc6 18.h4 Qb6 19.Rc2 h6 20.Rec1 Bb5 21.Qe3 Qe6 22.Ne1 d6
23.f4 Qg4 24.Qf3 Qxh4 25.Qxd5 dxe5 26.dxe5 Red8 27.Qe4 Bd7 28.Nf3 Qg4 29.Nd4 Bf5
30.Nxf5 gxf5 31.Qe3 Bf8 32.Kf2 e6 33.Qe2 Qh4+ 34.Kg1 Rd4 35.Qf2 Qd8 36.Be3 Rd3
37.Rc4 Rd1+ 38.Kh2 Rxc1 39.Rxc1 Rb4 40.Bc5 Bxc5 41.Rxc5 Kh7 42.Rc3 Re4 43.Rh3 a5
44.Qa7 Kg7 45.Rg3+ Kh8  1/2-1/2

[Event "Yerevan ol (Women)"]
[Site "Yerevan"]
[Date "1996.??.??"]
[Round "13"]
[White "Hernandez, Yadira"]
[Black "Fierro Baquero, Martha Lorena"]
[Result "0-1"]
[WhiteElo "2240"]
[BlackElo "2200"]

1.e4 c5 2.Nf3 Nc6 3.Bb5 g6 4.O-O Bg7 5.c3 Nf6 6.Re1 O-O 7.d4 Qb6 8.a4 d6
9.h3 a6 10.Bxc6 Qxc6 11.d5 Qc7 12.Bg5 e5 13.Na3 Bd7 14.b4 b5 15.a5 c4 16.Qd2 Nh5
17.Nc2 f6 18.Be3 f5 19.Ng5 f4 20.Bb6 Qc8 21.Red1 Rf6 22.Ne1 h6 23.Ne6 Bxe6
24.dxe6 Qxe6 25.Nf3 Bf8 26.Nh2 Rf7 27.f3 Nf6 28.Ra2 g5 29.Ng4 Ne8 30.Qd5 Qxd5
31.Rxd5 h5 32.Nxe5 dxe5 33.Rxe5 Be7 34.Rd5 Rc8 35.Re2 Kh7  0-1

[Event "Yerevan ol (Women)"]
[Site "Yerevan"]
[Date "1996.??.??"]
[Round "14"]
[White "Sheremetieva, Marina"]
[Black "Tsifanskaya, Ludmila A"]
[Result "1/2-1/2"]
[WhiteElo "2270"]
[BlackElo "2230"]

1.e4 c5 2.Nf3 Nc6 3.Bb5 g6 4.Bxc6 dxc6 5.h3 Bg7 6.d3 b6 7.Nc3 Nf6 8.Be3 Nd7
9.Qd2 h6 10.O-O e5 11.Nh2 Nf8 12.f4 exf4 13.Bxf4 Ne6 14.Be3 Nd4 15.Nd1 g5
16.Nf2 Ne6 17.c3 Ba6 18.a4 Qe7 19.a5 b5 20.Nf3 Qc7 21.d4 O-O-O 22.e5 f5 23.exf6 Bxf6
24.Ne4 Bg7 25.Qf2 c4 26.b3 cxb3 27.Rfb1 Rde8 28.Rxb3 Rhf8 29.Rd1 Rf5 30.Ng3 Rf7
31.Rdb1 Nf4 32.c4 Qxa5 33.cxb5 Bxb5 34.Qc2 Qc7 35.Nf5 Bf8 36.Bxf4 gxf4 37.Ne5 Rf6
38.Rc3 a6 39.Rc1 Rxe5 40.dxe5 Qxe5 41.Nh4 Bb4 42.Rf3 Qg5 43.Rb3 Qxh4 44.Rxb4 Qg3
45.Qf2 Qa3 46.Rcb1 Qd3 47.Re1 Qc3 48.Rbe4 c5 49.Re5 Rc6 50.Qh4 Qd4+ 51.Kh2 Rc7
52.Qxh6 f3 53.Qe6+ Kb7 54.Rf5 fxg2 55.Rg1 Bd7 56.Rb1+ Bb5 57.Rf6 g1=Q+ 58.Rxg1 Rc6
59.Qe7+ Kb6 60.Rxc6+ Bxc6 61.Rb1+ Bb5 62.Qe6+ Ka5 63.Qa2+ Kb6 64.Qg2 c4 65.Qg1 Qxg1+
66.Kxg1 Kc5 67.Kf2 Kd4 68.Ke1 c3 69.Kd1 c2+ 70.Kxc2 Bd3+ 71.Kb2 Bxb1  1/2-1/2

[Event "Zadar op"]
[Site "Zadar"]
[Date "1996.??.??"]
[Round "?"]
[White "Levacic, Patrick"]
[Black "Popovic, Ivo"]
[Result "1-0"]
[WhiteElo "2350"]
[BlackElo "2245"]

1.e4 c5 2.Nf3 Nc6 3.Bb5 e6 4.O-O Nge7 5.Re1 a6 6.Bxc6 Nxc6 7.d4 cxd4 8.Nxd4 d6
9.Nc3 Be7 10.Nxc6 bxc6 11.Qg4 Bf6 12.e5 dxe5 13.Ne4 O-O 14.Bh6 Ra7 15.Rad1 Rd7
16.Rxd7 Bxd7 17.Rd1 Kh8 18.Rxd7 Qa5 19.h3 Qe1+ 20.Kh2  1-0

[Event "Zadar op"]
[Site "Zadar"]
[Date "1996.??.??"]
[Round "?"]
[White "Paraminski, Albina"]
[Black "Gagarin, Vasilij"]
[Result "0-1"]
[WhiteElo "2215"]
[BlackElo "2420"]

1.e4 c5 2.Nf3 Nc6 3.Bb5 g6 4.Bxc6 dxc6 5.h3 e5 6.d3 f6 7.Be3 Nh6 8.Qd2 Nf7
9.a4 Bd6 10.Na3 Qe7 11.O-O-O Be6 12.g4 O-O-O 13.Nc4 Bc7 14.Qc3 b6 15.Rdg1 g5
16.h4 h6 17.h5 Rd7 18.Nfd2 b5 19.Na5 b4 20.Nxc6 bxc3 21.Nxe7+ Rxe7 22.bxc3 Bd6
23.Kd1 Nd8 24.Ke2 Nc6 25.c4 Rb7 26.Nb3 Nd4+ 27.Bxd4 exd4 28.f3 Kc7 29.Ra1 Rhb8
30.Ra3 Bd7 31.Rha1 Rb4 32.Kd2 Be7 33.Ke2 R8b6 34.Kd2 Ra6 35.a5 Re6 36.R3a2 Bd6
37.Ke2 Kc6 38.Kf2 Re7 39.Rd1 Rb8 40.Rda1 Rbe8 41.Rb2 Rb8 42.Rba2 Bf4 43.Re1 Kd6
44.Rea1 Ree8 45.Ra3 Rg8 46.R3a2 Rbe8 47.a6 Rb8 48.Ra5 Rgc8 49.Ke2 Rc6 50.R5a2 Ke7
51.Ra5 Bd6 52.Kd2 Rbb6 53.R5a2 Ke8 54.Na5 Rc7 55.Nb3 Bc8 56.Ke2 Be7 57.Kd2 Rcc6
58.Na5 Re6 59.Nb7 Kd7 60.Ra5 Kc6 61.c3 Rb2+ 62.Kc1 dxc3  0-1

[Event "Zalakaros op"]
[Site "Zalakaros"]
[Date "1996.??.??"]
[Round "2"]
[White "Chuprov, Dmitry"]
[Black "Pal, Peter"]
[Result "1-0"]
[WhiteElo "2460"]
[BlackElo "2285"]

1.e4 c5 2.Nf3 Nc6 3.Bb5 g6 4.O-O Bg7 5.c3 e5 6.b4 cxb4 7.cxb4 Nge7 8.Bb2 Qb6
9.Bxc6 Nxc6 10.Nc3 Qxb4 11.Qc1 Qa5 12.Ba3 Bf8 13.Bxf8 Kxf8 14.d4 Kg7 15.dxe5 Nxe5
16.Nd5 Nxf3+ 17.gxf3 f6 18.Qf4 Rf8 19.Rac1 Rf7 20.Nc7 d6 21.Nxa8 Bh3 22.Rfd1 Qd8
23.Qg3  1-0

[Event "Zalakaros op"]
[Site "Zalakaros"]
[Date "1996.??.??"]
[Round "5"]
[White "Pugachov, Alexey"]
[Black "Boronyak, Arpad"]
[Result "1-0"]
[WhiteElo "2445"]
[BlackElo "2325"]

1.e4 c5 2.Nf3 Nc6 3.Bb5 g6 4.Bxc6 dxc6 5.d3 Bg7 6.O-O Nf6 7.h3 O-O 8.Be3 c4
9.Nc3 cxd3 10.cxd3 e5 11.Qd2 Re8 12.Rad1 Qc7 13.Bh6 Bh8 14.Nh2 Nh5 15.Ne2 Be6
16.b3 Rad8 17.Ng4 Bxg4 18.hxg4 Nf6 19.f3 Rd6 20.Nc1 Nd7 21.Qf2 Qd8 22.Be3 b6
23.g3 Nf8 24.Qh2 Bg7 25.Kg2 Qd7 26.g5 f5 27.gxf6 Bxf6 28.Rde1 Rd8 29.Kh1 Bg7
30.Re2 Ne6 31.Qh4 g5 32.Qg4 Rf8 33.Rc2 h5 34.Qh3 Qf7 35.Rh2 g4 36.Qxh5 Qxh5
37.Rxh5 gxf3 38.Rf5 Rxf5 39.exf5 Nd8 40.g4 Kf7 41.Rxf3 c5 42.g5 Nc6 43.g6+ Kg8
44.Kg2 Nb4 45.Bg5 Bf6 46.Bxf6 Rxf6 47.Kg3 Nc2 48.Kg4 Nd4 49.Rf2 Kg7 50.Ne2 Ne6
51.Ng3 Rf8  1-0

[Event "Zalakaros op"]
[Site "Zalakaros"]
[Date "1996.??.??"]
[Round "7"]
[White "Pal, Peter"]
[Black "Frink, Ferenc"]
[Result "1-0"]
[WhiteElo "2285"]
[BlackElo "2225"]

1.e4 c5 2.Nf3 Nc6 3.Bb5 g6 4.O-O Bg7 5.c3 a6 6.Bxc6 dxc6 7.d3 Nf6 8.Qe2 Qc7
9.Be3 b6 10.a4 a5 11.Nbd2 Ba6 12.c4 Ng4 13.Nb1 Rd8 14.Nc3 O-O 15.Rad1 Rd7
16.Rd2 Rfd8 17.Rfd1 h6 18.h3 Nxe3 19.fxe3 Qg3 20.d4 e6 21.e5 f5 22.Qd3 cxd4
23.Ne2 dxe3 24.Qxe3  1-0

[Event "Zalakaros op"]
[Site "Zalakaros"]
[Date "1996.??.??"]
[Round "7"]
[White "Horvath, Sandor"]
[Black "Tivolt, Ferenc"]
[Result "1-0"]
[WhiteElo "2295"]
[BlackElo "2215"]

1.e4 c5 2.Nf3 Nc6 3.Bb5 g6 4.O-O Bg7 5.Re1 a6 6.Bxc6 bxc6 7.d3 Rb8 8.c3 Nf6
9.Nbd2 O-O 10.Rb1 d6 11.h3 h6 12.Nf1 Be6 13.b3 Kh7 14.Be3 Qd7 15.Ng3 Rg8
16.d4 cxd4 17.Nxd4 Bxh3 18.gxh3 c5 19.Nde2 Qxh3 20.Nf4 Qc8 21.Kg2 Ng4 22.Bd2 Ne5
23.Rh1 f5 24.exf5 gxf5 25.Qh5 e6 26.Nh3 Qb7+ 27.f3 Nf7 28.Ng5+ Nxg5 29.Bxg5 Rh8
30.Bxh6 Bxc3 31.Bd2+ Kg8 32.Qg6+  1-0

[Event "Zalakaros op"]
[Site "Zalakaros"]
[Date "1996.??.??"]
[Round "7"]
[White "Pugachov, Alexey"]
[Black "Wells, Peter K"]
[Result "1/2-1/2"]
[WhiteElo "2445"]
[BlackElo "2495"]

1.e4 c5 2.Nf3 Nc6 3.Bb5 g6 4.O-O Bg7 5.c3 Nf6 6.Qa4 a6 7.Re1 O-O 8.d4 cxd4
9.cxd4 Na5 10.Bd3 b5 11.Qd1 Bb7 12.Nbd2 Rc8 13.Nf1 d6 14.Ng3 Nd7 15.h4  1/2-1/2

[Event "Zalakaros op"]
[Site "Zalakaros"]
[Date "1996.??.??"]
[Round "9"]
[White "Kocsis, Gyorgy"]
[Black "Nagy, A."]
[Result "1-0"]
[WhiteElo "2290"]
[BlackElo "2075"]

1.e4 c5 2.Nf3 Nc6 3.Bb5 g6 4.O-O Bg7 5.Bxc6 bxc6 6.d4 cxd4 7.Nxd4 Qb6 8.Nb3 Nf6
9.Nc3 O-O 10.e5 Ne8 11.Re1 Qc7 12.Bg5 f6 13.exf6 exf6 14.Bh4 d6 15.Nd5 Qb7
16.Re7 Bd7 17.Qd2 Rf7 18.Rxf7 Kxf7 19.Nc3 Rd8 20.Re1 Bc8 21.Ne4 Qd7 22.Bg3 Bf8
23.Qc3 Be7 24.h4 Bb7 25.Nd4 c5 26.Qb3+ d5 27.Ne6 Rc8 28.Nd2 Rc6 29.Nf4 Rb6
30.Qd3 Bc6 31.h5 Qf5 32.hxg6+ hxg6 33.Rxe7+ Kxe7 34.Nxg6+ Qxg6 35.Qxg6 Rxb2
36.Nb3  1-0

[Event "ESP-ch"]
[Site "Zamora"]
[Date "1996.??.??"]
[Round "3"]
[White "Arizmendi Martinez, Julen Luis"]
[Black "De la Riva Aguado, Oscar"]
[Result "1/2-1/2"]
[WhiteElo "2250"]
[BlackElo "2470"]

1.e4 c5 2.Nf3 Nc6 3.Bb5 g6 4.O-O Bg7 5.c3 Nf6 6.Re1 O-O 7.e5 Nd5 8.d4 cxd4
9.Bxc6 dxc6 10.Qxd4 f6 11.Na3 Nc7 12.Qh4 Be6 13.c4 c5 14.Bd2 Qd3 15.Bc3 Rad8
16.Re3 Qd7 17.exf6 exf6 18.Rae1 Rde8 19.Nd2 Bf5 20.Ne4 Bxe4  1/2-1/2

[Event "ESP-ch"]
[Site "Zamora"]
[Date "1996.??.??"]
[Round "9"]
[White "Sanz Alonso, Francisco Javier"]
[Black "Ochoa de Echaguen, F Javier"]
[Result "1-0"]
[WhiteElo "2410"]
[BlackElo "2410"]

1.e4 c5 2.Nf3 Nc6 3.Bb5 g6 4.O-O Bg7 5.c3 Nf6 6.Re1 O-O 7.h3 e5 8.d3 d6 9.Bxc6 bxc6
10.d4 cxd4 11.cxd4 exd4 12.Nxd4 Bb7 13.Nc3 Re8 14.Nf3 d5 15.e5 Nd7 16.Bf4 f6
17.exf6 Rxe1+ 18.Qxe1 Qxf6 19.Qd2 Re8 20.Be3 Qd6 21.Bf4 Qf8 22.Rc1 Nb6 23.b3 Qb4
24.Bh6 Bf6 25.Bg5 Bg7 26.Re1 Rxe1+ 27.Qxe1 Bxc3 28.Qe6+ Kg7 29.Ne5 Qf8 30.Ng4 Qf7
31.Qe3 Ba1 32.Bh6+ Kg8 33.Qg3 Qd7 34.a4 Qe7 35.a5 Nc8 36.Qf4 Nd6 37.Bg5 Qe6
38.a6 Bxa6 39.Qc1 Bg7 40.Qxc6  1-0

[Event "Zaragoza-B op"]
[Site "Zaragoza"]
[Date "1996.??.??"]
[Round "?"]
[White "Grosar, Kiti"]
[Black "Clari Mascarell, Jose Javier"]
[Result "0-1"]
[WhiteElo "2225"]
[BlackElo "2130"]

1.e4 c5 2.Nf3 Nc6 3.Bb5 e6 4.O-O Nge7 5.c3 a6 6.Bxc6 Nxc6 7.d4 d5 8.Bg5 f6
9.exd5 exd5 10.Bf4 c4 11.b3 b5 12.bxc4 bxc4 13.Nh4 g6 14.Re1+ Kf7 15.Nd2 Bd6
16.Bh6 Rb8 17.Qf3 Ne7 18.g3 Be6 19.Bg5 Ng8 20.Rxe6 Kxe6 21.Re1+ Kf7 22.Qxd5+ Kg7
23.Re6 Be7 24.Qxd8 Bxd8 25.Be3 Ne7 26.Nxc4 Nd5 27.Bd2 Be7 28.Ne3 Kf7 29.Rxa6 Nxe3
30.Bxe3 Rhc8 31.d5 Ra8 32.Rb6 Rab8 33.Ra6 Ra8 34.Rb6 Rab8 35.Rxb8 Rxb8 36.Nf3 Ra8
37.Nd2 Rxa2 38.Kf1 Rc2 39.c4 Bb4 40.Nb3 Rxc4 41.Nd4 Bc5 42.Nb5 Ke7 43.d6+ Kd7
44.Bxc5 Rxc5 45.Nd4 Kxd6 46.h4 Ke5 47.Nf3+ Ke4 48.Nd2+ Kd3 49.Nf3 Rc1+ 50.Kg2 Rd1
51.Ng1 Kd2 52.Nf3+ Ke2 53.Nh2 Rd3 54.g4 f5 55.f3 h5 56.gxh5 gxh5 57.Kg3 Rd4
58.f4 Rd3+ 59.Kg2 Ke3  0-1

[Event "Zaragoza op"]
[Site "Zaragoza"]
[Date "1996.??.??"]
[Round "2"]
[White "De la Riva Aguado, Oscar"]
[Black "Antunes, Antonio"]
[Result "0-1"]
[WhiteElo "2470"]
[BlackElo "2545"]

1.e4 c5 2.Nf3 Nc6 3.Bb5 g6 4.O-O Bg7 5.c3 Nf6 6.Qe2 O-O 7.Rd1 d5 8.e5 Ne8
9.d4 cxd4 10.cxd4 Nc7 11.Bxc6 bxc6 12.Nc3 Bg4 13.h3 Bxf3 14.Qxf3 f6 15.exf6 Rxf6
16.Qg4 Rb8 17.b3 Rf5 18.Bf4 Rb4 19.Bxc7 Qxc7 20.Rac1 Qd6 21.Ne2 h5 22.Qg3 Qxg3
23.fxg3 Rf6 24.Rc5 Kf7 25.Rd3 Rb5 26.Rdc3 Rxc5 27.Rxc5 Bh6 28.Rc3 Ke8 29.b4 Bd2
30.Ra3 Bxb4 31.Rxa7 Kf7 32.Kh2 c5 33.a3 Bd2 34.dxc5 Rc6 35.Rd7 Rxc5 36.Nd4 Bc3
37.Ne2 Be5 38.Nf4 h4 39.Rxd5 hxg3+  0-1

[Event "Zaragoza op"]
[Site "Zaragoza"]
[Date "1996.??.??"]
[Round "4"]
[White "Ribeiro, Fernando"]
[Black "Kurajica, Bojan"]
[Result "0-1"]
[WhiteElo "2325"]
[BlackElo "2505"]

1.e4 c5 2.Nf3 Nc6 3.Bb5 e6 4.Bxc6 bxc6 5.b3 d6 6.Bb2 e5 7.O-O f5 8.exf5 Nh6
9.Re1 Be7 10.c3 Bxf5 11.d4 e4 12.dxc5 O-O 13.Nd4 Qd7 14.cxd6 Bxd6 15.Nd2 Ng4
16.h3 Bh2+ 17.Kf1 Nxf2 18.Kxf2 e3+ 19.Rxe3 Bc2+ 20.Qf3 c5 21.Nxc2 Qxd2+ 22.Re2 Rxf3+
23.gxf3 Qf4  0-1

[Event "Zaragoza op"]
[Site "Zaragoza"]
[Date "1996.??.??"]
[Round "4"]
[White "Kaminski, Marcin"]
[Black "Markowski, Tomasz"]
[Result "1/2-1/2"]
[WhiteElo "2525"]
[BlackElo "2535"]

1.e4 c5 2.Nf3 Nc6 3.Bb5 e6 4.O-O Nge7 5.Re1 a6 6.Bxc6 Nxc6 7.d4 cxd4 8.Nxd4 d6
9.Nxc6 bxc6 10.Nc3 Be7 11.Qg4  1/2-1/2

[Event "SVK-ch int (Women)"]
[Site "Ziar nad Hronom"]
[Date "1996.??.??"]
[Round "11"]
[White "Zvereva, Marija"]
[Black "Ciganikova, Andrea"]
[Result "1/2-1/2"]
[WhiteElo "2185"]
[BlackElo "2105"]

1.e4 c5 2.Nf3 Nc6 3.Bb5 g6 4.Bxc6 dxc6 5.Nc3 Bg7 6.d3 e5 7.Be3 Qe7 8.h3 f6
9.Qd2 Be6 10.O-O-O O-O-O 11.Kb1 Qd6 12.Na4 b6 13.Qc3 Bh6 14.Nd2 Bxe3 15.fxe3 Ne7
16.Rhf1 Rhf8 17.b3 Kb7 18.Nb2 Nc8 19.Ndc4 Qe7 20.a4 Nd6 21.a5 Bxc4 22.Nxc4 Nxc4
23.Qxc4 f5 24.exf5 gxf5 25.Rf3 Rd7 26.Rdf1 Qf7 27.Qh4 Qf6 28.Qc4 Qf7 29.a6+ Kc7
30.Qh4 b5 31.g4 f4 32.exf4 exf4 33.Qg5 Rd5 34.Qh6 Rd4 35.Re1 Rd6 36.Qg5 Kb6
37.Re4 Rf6 38.Re5 h6 39.Qh4 Re6 40.Rf5 Qg7 41.R3xf4 Rfe8 42.Rf1 Qc3 43.Rc1 Re1
44.Rf1 Rxf1 45.Rxf1 Re2 46.Rc1 c4 47.dxc4 bxc4 48.Qd8+ Kxa6 49.Qc8+ Kb6 50.Qb8+ Ka6
51.Qc8+  1/2-1/2

[Event "Weihnachts op"]
[Site "Zuerich"]
[Date "1996.??.??"]
[Round "3"]
[White "Bhend, Edwin"]
[Black "Eidinger, Helmut"]
[Result "1/2-1/2"]
[WhiteElo "2325"]
[BlackElo "2155"]

1.e4 c5 2.Nf3 Nc6 3.Bb5 g6 4.O-O Bg7 5.Re1 e5 6.Bxc6 dxc6 7.d3 Bg4 8.Nbd2 Nf6
9.h3 Bxf3 10.Nxf3 Qe7 11.a3 O-O 12.b4 Nd7 13.Rb1 Rad8 14.Qd2 b6 15.Qc3 cxb4
16.axb4 c5 17.b5 Rfe8 18.Ra1 Nf8 19.Qc4 Ne6 20.Bb2 Nd4 21.Bxd4 exd4 22.Re2 Rd7
23.Rae1 Qe6 24.Qxe6 Rxe6 25.Nd2 Be5 26.g3 g5 27.Rf1 Rg6 28.Kg2 h5 29.Nc4 f6
30.Rfe1 Re7 31.Ra1 Bb8 32.Ra3 Rgg7 33.Ra1 Rg6 34.Rh1 Rgg7  1/2-1/2